Union of the Comoros : Selected Issues and Statistical Appendix.

This Selected Issues paper analyzes the decentralization of government in the Union of the Comoros and its economic management functions foreseen under the constitution. The paper examines the special challenge of combining a civil service reform needed to increase the efficiency of the civil servic...

Full description

Bibliographic Details
Corporate Author: International Monetary Fund
Format: Journal
Language:English
Published: Washington, D.C. : International Monetary Fund, 2004.
Series:IMF Staff Country Reports; Country Report ; No. 2004/233
Online Access:Full text available on IMF
LEADER 01623cas a2200241 a 4500
001 AALejournalIMF008663
008 230101c9999 xx r poo 0 0eng d
020 |c 5.00 USD 
020 |z 9781451809077 
022 |a 1934-7685 
040 |a BD-DhAAL  |c BD-DhAAL 
110 2 |a International Monetary Fund. 
245 1 0 |a Union of the Comoros :   |b Selected Issues and Statistical Appendix. 
264 1 |a Washington, D.C. :  |b International Monetary Fund,  |c 2004. 
300 |a 1 online resource (110 pages) 
490 1 |a IMF Staff Country Reports 
500 |a <strong>Off-Campus Access:</strong> No User ID or Password Required 
500 |a <strong>On-Campus Access:</strong> No User ID or Password Required 
506 |a Electronic access restricted to authorized BRAC University faculty, staff and students 
520 3 |a This Selected Issues paper analyzes the decentralization of government in the Union of the Comoros and its economic management functions foreseen under the constitution. The paper examines the special challenge of combining a civil service reform needed to increase the efficiency of the civil service with the decentralization of the civil service foreseen under the new constitution. It discusses developments in a number of civil service indicators that are often used to analyze the government wage bill and employment in relation to economic and fiscal objectives. 
538 |a Mode of access: Internet 
830 0 |a IMF Staff Country Reports; Country Report ;  |v No. 2004/233 
856 4 0 |z Full text available on IMF  |u http://elibrary.imf.org/view/journals/002/2004/233/002.2004.issue-233-en.xml  |z IMF e-Library